Statistiques concernant Calcul mental instantané #Bonus3

Cliquez ici pour prendre le quiz!

Statistiques générales

  • Ce quiz a été pris 474 fois
  • Le résultat moyen est 16 sur 20

Statistiques - réponses

#OpérationsRéponses% Correct
11-2-1
100%
2+32
97%
3-4-2
97%
4+53
97%
5-6-3
97%
6+74
97%
7-8-4
97%
8+95
97%
9-10-5
97%
10x2-10
96%
11x(-3)30
91%
12-60-30
90%
13+12090
88%
14-200-110
85%
15+300190
78%
16-500-310
67%
17+800490
58%
18-1001-511
32%
20x00
27%
19+19991488
16%

Distribution des résultats

Percentile par nombre de réponses

% des personnes avec chaque résultat

Votre développement - résultats

Vous n’avez pas pris ce quiz